Liste des pays ayant l'espérance de vie féminine la plus basse - Statistiques

Statistiques générales
  • Ce quiz a été pris 212 fois
    207 depuis la dernière actualisation
  • Le résultat moyen est 13 sur 22
Statistiques - réponses
Hint Réponse % Correct
52 ans Somalie
83%
57 ans Niger
77%
53 ans Mali
75%
54 ans Nigeria
73%
53,5 ans Tchad
69%
58,5 ans Togo
69%
56 ans Guinée
66%
52 ans Lesotho
65%
55 ans Zimbabwe
65%
53 ans Angola
64%
54 ans Burundi
64%
48 ans Sierra Leone
63%
53 ans Mozambique
62%
56 ans Zambie
62%
57,5 ans Ouganda
59%
55 ans Guinée équatoriale
57%
51 ans Swaziland
56%
58 ans Côte d'Ivoire
55%
52 ans Guinée-Bissau
54%
57 ans Burkina Faso
50%
51 ans République démocratique du Congo
23%
50 ans République centrafricaine
22%
Aucun quiz correspondant
Distribution des résultats
% des personnes avec chaque résultat
Percentile par nombre de réponses
Votre historique - résultats
Vous n’avez pas pris ce quiz depuis la dernière actualisation